McDonalds Full Menu (UK) - Statistics

General Stats
  • This quiz has been taken 143 times
  • The average score is 31 of 90
Answer Stats
Hint Answer % Correct
Burger Big Mac
86%
Soft Drinks Coca-Cola
69%
Sides Fries
67%
Soft Drinks Fanta Orange Zero
66%
Soft Drinks Sprite Zero
65%
Burger Cheeseburger
63%
Sauce Ketchup
59%
Milkshakes Chocolate Milkshake
57%
Burger Hamburger
57%
McCafe Latte
57%
Bottled Drinks Water
57%
Milkshakes Strawberry Milkshake
56%
Breakfast Hashbrown
55%
McFlurry Oreo McFlurry
55%
Milkshakes Vanilla Milkshake
55%
Sauce BBQ
54%
Burger Quarter Pounder with Cheese
54%
Breakfast Sausage and Egg McMuffin
52%
Milkshakes Banana Milkshake
51%
Burger Double Cheeseburger
51%
Soft Drinks Coke Zero
50%
Soft Drinks Diet Coke
50%
McCafe Tea
48%
Fish Burger Filet-o-Fish
47%
Soft Drinks Oasis Summer Fruits Zero
44%
Bottled Drinks Orange Juice
44%
Chk Nuggets 20 Nuggets
43%
Chk Nuggets 6 Nuggets
43%
Breakfast Bacon and Egg McMuffin
43%
Sauce Sweet and Sour
43%
Chk Nuggets 9 Nuggets
42%
Sauce Sweet Chilli
42%
Wrap Sweet Chilli Chicken
42%
McCafe Cappuccino
39%
Bottled Drinks Milk
39%
McCafe Americano
38%
Burger Triple Cheeseburger
38%
McCafe Espresso
37%
McCafe Hot Chocolate
37%
Breakfast Breakfast Wrap
36%
Burger Double Quarter Pounder with Cheese
36%
McFlurry Smarties McFlurry
36%
Desserts Apple Pie
35%
Breakfast Double Sausage and Egg McMuffin
35%
Chk Selects 3 Selects
34%
Chk Burger Mayo Chicken
34%
Chk Burger McCrispy
33%
HM Nuggets 4 Nuggets
32%
Bottled Drinks Fruit Shoot
32%
Sauce Sweet Curry
32%
Chk Selects 5 Selects
31%
Iced Drinks Iced Latte
31%
V Burger McPlant
30%
HM Fish Fish Fingers
29%
Chk Burger McSpicy
29%
Breakfast Bacon Roll
28%
Breakfast Double Bacon and Egg McMuffin
28%
Breakfast Porridge
27%
Desserts Triple Chocolate Cookie
26%
Desserts Brownie
24%
Salad Side Salad
23%
Salad Crispy Chicken Salad
22%
Sides Fruit Bag
22%
Salad Grilled Chicken Salad
22%
Sauce Garlic Mayo
21%
Breakfast Egg and Cheese McMuffin
20%
McCafe White Coffee
20%
McCafe Flat White
19%
Chk Burger McChicken Sandwich
19%
Wrap BBQ and Bacon Chicken
17%
Vegetarian 4 Veggie Dippers
16%
Breakfast Breakfast Roll
16%
Iced Drinks Frozen Strawberry Lemonade
16%
Iced Drinks Mango and Pineapple Smoothie
15%
McCafe Toffee Latte
15%
Burger Bacon Double Cheeseburger
14%
V Wrap Spicy Veggie
14%
McFlurry Maltesers McFlurry
13%
Breakfast Pancakes with Syrup
13%
Desserts Berry Muffin
12%
Salad Crispy Chicken and Bacon Salad
12%
Breakfast Pancakes with Sausage
12%
Salad Grilled Chicken and Bacon Salad
11%
Sauce Smokey BBQ
10%
Chk Burger Bacon Mayo Chicken
9%
Breakfast Mighty McMuffin
9%
Iced Drinks Caramel Iced Frappe
8%
V Burger Vegetable Deluxe
8%
Breakfast Muffin with Jam
7%
Wrap Caesar and Bacon Chicken
5%
No matching quizzes found
Score Distribution
Percent of People with Each Score
Percentile by Number Answered
Your Score History
You have not taken this quiz